| 000 | 00716nam a2200217Ia 4500 | ||
|---|---|---|---|
| 008 | 191130s2011##################000#0#eng## | ||
| 020 | _a9780123748386 | ||
| 040 |
_aACL _cACL |
||
| 082 | _a332.6 WIL | ||
| 100 | _aWilliams, R. Tee | ||
| 245 |
_aAn introduction to trading in the financial markets : market basics _cR. "Tee" Williams |
||
| 260 |
_aAmsterdam _bElsevier / Academic Press _c2011 |
||
| 300 | _axlvii, 283 p. : ill. (chiefly col.), col. map. ; 24 cm | ||
| 500 | _aIncludes bibliographical references and index | ||
| 650 | _aCapital markets | ||
| 650 | _aFinancial instruments | ||
| 650 | _aStock exchanges | ||
| 990 | _aac1d8378ac10000c737b57660685004b | ||
| 991 | _a418855 | ||
| 999 |
_c369236 _d369236 |
||